Mi Don Antonio José Ruiz de Padrón / (Record no. 146806)

MARC details
000 -LEADER
campo de control de longitud fija 00569nam a2200169 i 4500
001 - NÚMERO DE CONTROL
campo de control 146806
003 - IDENTIFICADOR DE NÚMERO DE CONTROL
campo de control ES-MaACL
005 - FECHA Y HORA DE LA ÚLTIMA TRANSACCIÓN
campo de control 20230906201657.0
007 - CAMPO FIJO DE DESCRIPCIÓN FÍSICA--INFORMACIÓN GENERAL
campo de control de longitud fija t|
008 - DATOS DE LONGITUD FIJA--INFORMACIÓN GENERAL
campo de control de longitud fija 070918s1971 sp ||||1| spa d
100 1# - ENTRADA PRINCIPAL--NOMBRE DE PERSONA
Nombre de persona Trujillo Cabrera, José.
9 (RLIN) 111572
245 10 - MENCIÓN DEL TÍTULO
Título Mi Don Antonio José Ruiz de Padrón /
Mención de responsabilidad, etc. José Trujillo Cabrera ; prólogo de Marcos Guimerá Pedraza.
260 ## - PUBLICACIÓN, DISTRIBUCIÓN, ETC.
Lugar de publicación, distribución, etc. Santa Cruz de Tenerife :
Nombre del editor, distribuidor, etc. [Gráf. Goya],
Fecha de publicación, distribución, etc. 1971.
300 ## - DESCRIPCIÓN FÍSICA
Extensión XXIII, 322 p. :
Otras características físicas il. ;
Dimensiones 22 cm.
700 1# - ENTRADA AGREGADA--NOMBRE PERSONAL
Nombre de persona Guimerá Peraza, Marcos.
9 (RLIN) 60847
852 ## - LOCALIZACIÓN
Ubicación ES-MaACL
Número de control de estantería C-45178
Sublocalización o colección R.79220
Holdings
Estatus retirado Estado de pérdida Estado de daño No para préstamo Biblioteca de origen Biblioteca actual Ubicación en estantería Fecha de adquisición Fuente de adquisición Total de préstamos Signatura topográfica completa Código de barras Visto por última vez Precio de reemplazo Tipo de ítem Koha
        Biblioteca del Ateneo de Madrid Biblioteca del Ateneo de Madrid Depósito 2 17/01/2008     C-45178 1153217 23/02/2023 23/02/2023 Libro impreso